| 000 | 00000nam##2200000za#4500 |
| 001 | 9.639746 |
| 003 | CaOODSP |
| 005 | 20240501092931 |
| 007 | cr ||||||||||| |
| 008 | 150407|2000||||xxc|||||o f|0| 0 fre|d |
| 040 | |aCaOODSP|bfre |
| 043 | |an-cn--- |
| 086 | 1 |aJS82-94/1998F-PDF |
| 110 | 2 |aService correctionnel Canada. |
| 245 | 13|aLa lutte antituberculeuse dans les pénitenciers fédéraux canadiens, 1998 : |h[ressource électronique]|bcompte rendu des résultats du système de dépistage de la tuberculose du Service correctionnel du Canada |
| 260 | |aOttawa - Ontario : |bService correctionnel Canada |cc2000. |
| 300 | |a29p.|bgraphiques, références, tableaux |
| 500 | |aLe n° de catalogue (JS82-94/2000) et l'ISBN (0-662-65380-7) copiés dans cette édition électronique sont incorrects. |
| 590 | |a12-17-Supp|b2012-04-20 |
| 691 | 07|aÉtablissement pénitentiaire|2gcpds |
| 691 | 07|aMaladie transmissible|2gcpds |
| 775 | 08|tTuberculosis prevention and control in Canadian federal prisons, 1998 : |w(CaOODSP)9.695615 |
| 776 | 0#|tTuberculosis prevention and control in Canadian federal prisons, 1998 : |w(CaOODSP)9.662373 |
| 776 | 0#|tLa lutte antituberculeuse dans les pénitenciers fédéraux canadiens, 1998 : |w(CaOODSP)9.662374 |
| 856 | 40|ahttp://publications.gc.ca|qPDF|s294 Ko|uhttps://publications.gc.ca/collections/Collection/JS82-94-1998F.pdf |